| 000 | 00718nam a22002417a 4500 | ||
|---|---|---|---|
| 999 |
_c6957 _d6957 |
||
| 001 | 8603 | ||
| 003 | BD-DhUAP | ||
| 005 | 20210119100449.0 | ||
| 008 | 210111s2003 ii a|||| |||| 001 0 eng d | ||
| 020 | _a8129700638 | ||
| 040 |
_aBD-DhUAP _bEng _cBD-DhUAP _dBD-DhUAP |
||
| 082 |
_223 _a659.1 WEL |
||
| 100 | _aWells, William. | ||
| 245 |
_aAdvertising : _bprinciples & practice / _cWilliam Wells, John Burnett and Sandra E. Moriarty. |
||
| 250 | _a6th ed. | ||
| 260 |
_aSingapore : _bPearson Education, _cc2003. |
||
| 300 |
_axxxii, 589 pages : _billustrations ; _c25 cm. |
||
| 500 | _aIncludes index. | ||
| 650 | _aAdvertising. | ||
| 700 | _aBurnett, John. | ||
| 700 | _aMoriarty, Sandra E. | ||
| 942 |
_2ddc _cBK |
||